NBA Nicknames All time - Statistics

General Stats
  • This quiz has been taken 64 times
  • The average score is 16 of 25
Answer Stats
Hint Answer Team PPG Number % Correct
Black Mamba Kobe Bryant Lakers 25 8
96%
Diesel Shaquille O'Neal Lakers 23.7 32
96%
Black Jesus Michael Jordan Bulls 30.1 23
93%
German Jesus Dirk Nowitzki Mavericks 20.7 41
88%
The Big Fundamental Tim Duncan Spurs 19 21
88%
The Mailman Karl Malone Jazz 25 32
84%
Flash Dwyane Wade Heat 22 3
82%
Air Canada Vince Carter Raptors 16.7 15
82%
The Worm Dennis Rodman Pistons 7.3 10
81%
The Glove Gary Payton Supersonics 16.3 20
81%
The Human Highlight Film Dominique Wilkins Hawks 24.8 21
77%
The Great Wall Yao Ming Rockets 19 11
75%
Robin Scottie Pippen Bulls 16.1 33
72%
The Big Fella Patrick Ewing Knicks 21 33
70%
Ak-47 Andrei Kirilenko Jazz 11.8 47
60%
Reign Man Shawn Kemp Supersonics 14.6 40
58%
Z-Bo Zach Randolph Grizzlies 16.6 50
58%
The Big Sleep Tracy Mcgrady Magic 19.6 1
53%
The Bombardier from Baton Rouge Bob Pettit Hawks 26.4 9
51%
Meal Ticket Pau Gasol Lakers 17 16
30%
King of the Dragons Chris Bosh Raptors 19.2 4
28%
G-Money Grant Hill Pistons 16.7 33
25%
The Key Man Robert Horry Lakers 7 5
18%
Mr. Buffalo Dave DeBusschere Pistons 16.1 22
11%
Prince of Mid-Air World B. Free Cavaliers 20.3 21
11%
No matching quizzes found
Score Distribution
Percent of People with Each Score
Percentile by Number Answered
Your Score History
You have not taken this quiz